Marcatori dell'Udinese in UEFA Europa League 2012-2013 - Statistics

Statistiche generali
  • Questo quiz è stato fatto 12 volte
  • Il punteggio medio è 4 su 6
Statistiche sulle risposte
Partita Minuto Marcatore % Corretto
Udinese - Anži 1-1 92' Antonio Di Natale
100%
Liverpool - Udinese 2-3 48' Antonio Di Natale
100%
Udinese - Young Boys 2-3 47' Antonio Di Natale
100%
Liverpool - Udinese 2-3 72' Giovanni Pasquale
50%
Udinese - Young Boys 2-3 83' Diego Fabbrini
25%
Young Boys - Udinese 3-1 74' Andrea Coda
0%
Nessun quiz corrispondente trovato
Distribuzione punteggi
Percentuale di utenti per punteggio
Percentile per numero di risposta
I tuoi punteggi nel tempo
Non hai fatto questo quiz